Ελληνικά πλοία του Μεσαίωνα = Greek vessels of the Middle Ages
Αποθηκεύτηκε σε:
| Κύριος συγγραφέας: | |
|---|---|
| Μορφή: | Βιβλίο |
| Γλώσσα: | Greek English |
| Δημοσίευση: |
[Χ.τ.] :
Εκδόσεις Ευρώπη,
1994.
|
| Θέματα: | |
| Ετικέτες: |
Προσθήκη ετικέτας
Δεν υπάρχουν, Καταχωρήστε ετικέτα πρώτοι!
|
MARC
| LEADER | 00000cam a2200000 a 4500 | ||
|---|---|---|---|
| 001 | 1/120165 | ||
| 008 | 191021s1994####gr | ||| |||| ||gre|| | ||
| 020 | |a 9602530286 | ||
| 040 | |a GR-MyUa |b gre |c GR-MyUa |e AACR2 | ||
| 041 | 0 | |a gre |a eng | |
| 082 | 7 | |a 387.2109495 |2 (23) | |
| 100 | 1 | |a Μιχαλόπουλος, Δημήτρης Γ., |d 1952- | |
| 245 | 1 | 0 | |a Ελληνικά πλοία του Μεσαίωνα = |b Greek vessels of the Middle Ages / |c Δημήτρη Μιχαλόπουλο, Αντώνη Μιλάνου. |
| 246 | 1 | |i Παράλληλος τίτλος: |a Greek vessels of the Middle Ages | |
| 260 | |a [Χ.τ.] : |b Εκδόσεις Ευρώπη, |c 1994. | ||
| 300 | |a 133 σ. : |b εικ. ; |c 25 εκ. | ||
| 504 | |a Περιλαμβάνει βιβλιογραφικές παραπομπές. | ||
| 650 | 0 | |a Warships |z Byzantine Empire |x Pictorial woks. | |
| 650 | 0 | |a Ships, Medieval. | |
| 651 | 0 | |a Byzantine Empire |x History, Naval. | |
| 700 | 1 | |a Μιλάνος, Αντώνης, |d 1945- |e art | |
| 852 | |a INST |b SYROS |e 20191021 |h 387.2109495 ΜΙΧ |p 005500014039 |q 005500014039 |t BK |y 0 | ||
| 920 | |a ΤΕΕ |b Μονάδα Τεκμηρίωσης & Πληροφόρησης |y Σύρος |z 2019-07 | ||
| 970 | |a Κοντού |b Παρασκευή |z 21/10/2019 | ||